[Event "GER-chT U14"]
[Site "Magdeburg"]
[Date "2010.12.28"]
[Round "3.3"]
[White "Kremer, Moritz"]
[Black "Maurer, Noah"]
[Result "0-1"]
[WhiteElo "1582"]
[BlackElo "1377"]
[PlyCount "92"]
[EventDate "2010.12.27"]
[EventType "team-swiss"]
[EventRounds "7"]
[EventCountry "GER"]
[SourceTitle "CBM 140 Extra"]
[Source "ChessBase"]
[SourceDate "2011.03.01"]
[SourceVersion "1"]
[SourceVersionDate "2011.03.01"]
[SourceQuality "1"]
[WhiteTeam "Muelheim Nord"]
[BlackTeam "Hohentuebingen"]
[WhiteTeamCountry "GER"]
[BlackTeamCountry "GER"]

1. e4 e6 2. d4 d5 3. exd5 exd5 4. Bd3 Bd6 5. Nf3 Bg4 6. h3 Bh5 7. c3 Ne7 8. Nbd2 Nd7 9. 0-0 c6 10. Nb3 Qc7 11. Be2 0-0-0 12. Ne1 Bxe2 13. Qxe2 Rde8 14. Qd3 g6 15. Nc2 Nf5 16. Ne3 Nxe3 17. Bxe3 Nf6 18. Nd2 Re6 19. Bg5 Rhe8 20. Bxf6 Rxf6 21. Nf3 Bf4 22. Rae1 Rfe6 23. Rxe6 Rxe6 24. Re1 Rxe1+ 25. Nxe1 Qe7 26. Kf1 Qe4 27. Qxe4 dxe4 28. Ke2 Bc1 29. b3 f5 30. Nc2 f4 31. Kd1 Bb2 32. Kd2 a5 33. h4 h6 34. b4 axb4 35. Nxb4 Ba3 36. g3 Bxb4 37. cxb4 g5 38. hxg5 hxg5 39. gxf4 gxf4 40. a4 Kd7 41. b5 cxb5 42. axb5 Kd6 43. Kc3 Kd5 44. b6 e3 45. fxe3 fxe3 46. Kd3 e2 0-1

[Event "GER-chT U14"]
[Site "Magdeburg"]
[Date "2010.12.28"]
[Round "4.3"]
[White "Maurer, Noah"]
[Black "Lagunow, Raphael"]
[Result "0-1"]
[WhiteElo "1377"]
[BlackElo "1811"]
[PlyCount "46"]
[EventDate "2010.12.27"]
[EventType "team-swiss"]
[EventRounds "7"]
[EventCountry "GER"]
[SourceTitle "CBM 140 Extra"]
[Source "ChessBase"]
[SourceDate "2011.03.01"]
[SourceVersion "1"]
[SourceVersionDate "2011.03.01"]
[SourceQuality "1"]
[WhiteTeam "Hohentuebingen"]
[BlackTeam "Berlin Makkabi"]
[WhiteTeamCountry "GER"]
[BlackTeamCountry "GER"]

1. e4 c5 2. Nf3 Nc6 3. d4 cxd4 4. Nxd4 g6 5. Be3 Bg7 6. Nc3 Nf6 7. Be2 0-0 8. Nb3 b6 9. Qd2 Bb7 10. 0-0-0 Rc8 11. f4 d5 12. e5 Ne4 13. Qxd5 Nxc3 14. bxc3 Qxd5 15. Rxd5 Nxe5 16. Rd2 Nc4 17. Bxc4 Rxc4 18. Rg1 Rxc3 19. Rd7 Be4 20. Bd4 Rxc2+ 21. Kd1 Rxa2 22. Bxg7 Kxg7 23. Nd2 Ra1+ 0-1